Responsabilidad penal de las personas jurídicas (Registro nro. 34878)
[ vista simple ]
| 000 -LEADER | |
|---|---|
| fixed length control field | 00353 a2200121 4500 |
| 001 - CONTROL NUMBER | |
| control field | ART_46917 |
| 005 - DATE AND TIME OF LATEST TRANSACTION | |
| control field | 20260410162041.0 |
| 008 - FIXED-LENGTH DATA ELEMENTS--GENERAL INFORMATION | |
| fixed length control field | 260409a |
| 100 1# - MAIN ENTRY--PERSONAL NAME | |
| Personal name | Ferraro, Ricardo H. |
| 245 10 - TITLE STATEMENT | |
| Title | Responsabilidad penal de las personas jurídicas |
| 700 1# - ADDED ENTRY--PERSONAL NAME | |
| Personal name | Santacruz, Lidia M. |
| 773 0# - HOST ITEM ENTRY | |
| Title | Impuestos |
| Related parts | - N°28 (mayo 2018) |
| Record control number | REV45175 |
No hay ítems disponibles.